[Event "23rd Hogeschool Zeeland Open 2019"]
[Site "Vlissingen"]
[Date "2019.08.07"]
[Round "6.15"]
[White "Cordes, Hans-Joerg"]
[Black "Van Liempt, Michael"]
[Result "1-0"]
[WhiteElo "2178"]
[BlackElo "2091"]
[Annotator "ChessBase"]
[PlyCount "67"]
[EventDate "2019.08.03"]
[EventType "swiss"]
[EventCountry "NED"]
[SourceTitle "playchess.com"]
[Source "ChessBase"]
[SourceQuality "1"]
[TimeControl "40/5400+30:1800+30"]

1. d4 {[%emt 0:00:00]} Nf6 {[%emt 0:00:00]} 2. c4 {[%emt 0:00:22]} e6 {[%emt 0:00:02]} 3. Nc3 {[%emt 0:00:39]} Bb4 {[%emt 0:00:14]} 4. e3 {[%emt 0:00:24]} b6 {[%emt 0:00:19]} 5. Nge2 {[%emt 0:00:36]} Ba6 {[%emt 0:00:35]} 6. a3 {[%emt 0:00:29]} Bxc3+ {[%emt 0:00:36]} 7. Nxc3 {[%emt 0:00:08]} d5 {[%emt 0:00:43]} 8. Qf3 {[%emt 0:01:06]} c6 {[%emt 0:03:11]} 9. b3 {[%emt 0:01:10]} Nbd7 {[%emt 0:05:38]} 10. Bb2 {[%emt 0:00:31]} Rc8 {[%emt 0:02:11]} 11. g4 {[%emt 0:10:41]} Bb7 {[%emt 0:10:09]} 12. g5 {[%emt 0:22:31]} Ng8 {[%emt 0:03:42]} 13. cxd5 {[%emt 0:06:27]} cxd5 {[%emt 0:02:36]} 14. Nb5 {[%emt 0:04:04]} Rc2 {[%emt 0:04:48]} 15. Bc3 {[%emt 0:07:37]} Rxc3 {[%emt 0:07:52]} 16. Nxc3 {[%emt 0:01:28]} a6 {[%emt 0:01:21]} 17. h4 {[%emt 0:03:08]} Ne7 {[%emt 0:02:38]} 18. Bd3 {[%emt 0:01:08]} e5 {[%emt 0:02:20]} 19. Qe2 {[%emt 0:01:43]} e4 {[%emt 0:01:11]} 20. Bc2 {[%emt 0:09:42]} Qc7 {[%emt 0:02:36]} 21. Kd2 {[%emt 0:00:14]} O-O {[%emt 0:00:52]} 22. Rac1 {[%emt 0:01:17]} Qd6 {[%emt 0:03:39]} 23. b4 {[%emt 0:01:03]} f5 {[%emt 0:02:55]} 24. f4 {[%emt 0:01:40]} exf3 {[%emt 0:01:08]} 25. Qxf3 {[%emt 0:00:05]} b5 {[%emt 0:09:34]} 26. Qf4 {[%emt 0:07:40]} Qe6 {[%emt 0:02:11]} 27. Rhf1 {[%emt 0:03:05]} g6 {[%emt 0:06:02]} 28. Bb3 {[%emt 0:00:44]} Nc8 {[%emt 0:01:04]} 29. Qc7 {[%emt 0:02:58]} Ba8 {[%emt 0:01:21]} 30. Ne2 {[%emt 0:12:20]} Re8 {[%emt 0:02:27]} 31. Rc3 {[%emt 0:00:00]} Nd6 {[%emt 0:01:57]} 32. Nf4 {[%emt 0:00:00]} Ne4+ {[%emt 0:00:37]} 33. Kc2 {[%emt 0:00:00]} Qf7 {[%emt 0:00:52]} 34. Rc6 {[%emt 0:00:00]} 1-0

[Event "23rd Hogeschool Zeeland Open 2019"]
[Site "Vlissingen"]
[Date "2019.08.07"]
[Round "6.16"]
[White "Mesman, Edwyn"]
[Black "Hng, Mei-En Emmanuelle"]
[Result "1-0"]
[WhiteElo "2204"]
[BlackElo "2026"]
[Annotator "TA"]
[PlyCount "107"]
[EventDate "2019.08.03"]
[EventType "swiss"]
[EventCountry "NED"]
[SourceTitle "playchess.com"]
[Source "ChessBase"]
[SourceQuality "1"]

{[%evp 18,107,53,56,78,70,84,87,86,51,72,0,32,20,29,38,43,0,0,0,0,0,139,141,170,140,157,145,156,120,113,120,120,115,119,28,66,0,179,175,175,189,404,403,551,543,525,503,493,274,266,234,244,226,500,497,465,446,486,310,445,0,464,278,330,334,712,342,347,329,322,237,244,233,225,233,266,261,274,118,484,475,650,642,781,767,803,822,854,847,839,839]} 1. d4 Nf6 2. c4 e6 3. Nc3 c5 4. d5 exd5 5. cxd5 d6 6. Nf3 g6 7. Nd2 Bg7 8. e4 O-O 9. Be2 Nbd7 10. O-O Nb6 {A73: Modern Benoni: Classical: Unusual Black 9th moves} (10... Re8 11. a4 Ne5 12. Ra3 a6 13. a5 Rb8 14. Qc2 Qe7 15. h3 g5 16. Na4 g4 17. hxg4 Bxg4 18. Re1 Ng6 19. Nb6 h5 {1-0 (41) Rodshtein,M (2668)-Rechlis,G (2526) Israel 2019}) 11. a4 a5 12. Re1 $146 ({Predecessor:} 12. h3 Re8 13. Re1 Bd7 14. Bd3 Qc7 15. Nf3 Rac8 16. Bf4 Nh5 17. Bh2 c4 18. Bc2 {1-0 (50) Rain,R (2390)-Da Fonseca,P (2201) ICCF email 2008}) 12... Ne8 {White is better.} 13. Bd3 Nc7 14. Ndb1 (14. Nc4 $16 Nxc4 15. Bxc4) 14... Na6 15. Na3 Nb4 16. Bf4 f5 17. Qd2 Nxd3 18. Qxd3 g5 $1 19. Bd2 Nd7 (19... Be5 $11 {remains equal.}) 20. exf5 $16 g4 21. Nab5 Ne5 22. Qg3 $1 Rxf5 23. Ne4 Ra6 24. Bc3 $36 {[%mdl 2048] Keeping Black busy.} h5 25. Qe3 h4 26. Re2 (26. Kh1 $16) 26... h3 27. Ng3 (27. Bxe5 $14 Rxe5 28. Rae1) 27... Rg5 $2 (27... Rf8 $11 {and Black stays safe.}) 28. f4 $18 gxf3 29. gxf3 {Hoping for f4.} Bd7 $2 (29... Bh6 30. f4 {[%mdl 64] Double Attack} Rg4) 30. f4 $1 {[%csl LRe5,LRg5][%mdl 64] Double Attack} Ng4 31. Qe7 Qxe7 32. Rxe7 Bxc3 33. Rxd7 (33. fxg5 $142 Bxb5 34. bxc3) 33... Rxd5 {White must now prevent ...Rd2!} 34. Nxc3 ({Worse is} 34. bxc3 Rd2 $11) 34... Rd2 {[#] Threatens to win with ...Rg2+.} 35. Nge2 $1 Nf6 $2 (35... Rb6 36. Rd1 Rxd1+ 37. Nxd1 Nf6 38. Rd8+ Kf7) 36. Rxb7 d5 {intending ...d4.} 37. Rd1 Rc2 38. Rc1 Rd2 (38... Rxc1+ $142 39. Nxc1 d4) 39. Rd1 Rc2 $1 40. Kf2 (40. f5 $142) 40... Re6 {If only Black now had time for ...d4....} 41. Rc1 Rd2 $2 (41... Rxc1 42. Nxc1 d4) 42. Ke1 (42. Rg1+ $142 Kh8 43. f5) 42... Rd3 43. Rd1 Rde3 44. Rd2 d4 45. Nd1 Rf3 {[#]} 46. Nf2 $1 Nd5 47. Rd3 Ne3 48. Rc7 (48. Rdb3 $18 {has better winning chances.}) 48... c4 $2 {[%mdl 8192]} (48... Ng2+ $16 49. Kf1 Ree3) 49. Rxd4 {White is clearly winning.} ({Less strong is} 49. Rc8+ Kf7 $14) 49... Nc2+ 50. Kf1 {Threatening mate with Rd8+.} Nxd4 51. Nxd4 Rxf2+ 52. Kxf2 Rb6 53. Rxc4 Rxb2+ 54. Kg3 {Accuracy: White = 54%, Black = 46%.} 1-0

[Event "23rd Hogeschool Zeeland Open 2019"]
[Site "Vlissingen"]
[Date "2019.08.08"]
[Round "7.1"]
[White "Van Wely, Loek"]
[Black "Kamsky, Gata"]
[Result "1/2-1/2"]
[WhiteElo "2616"]
[BlackElo "2673"]
[Annotator "ChessBase"]
[PlyCount "34"]
[EventDate "2019.08.03"]
[EventType "swiss"]
[EventCountry "NED"]
[SourceTitle "playchess.com"]
[Source "ChessBase"]
[SourceQuality "1"]
[TimeControl "40/5400+30:1800+30"]

1. Nf3 {[%emt 0:02:39]} Nf6 {[%emt 0:00:00]} 2. c4 {[%emt 0:00:10]} c6 {[%emt 0:00:00]} 3. Nc3 {[%emt 0:00:08]} d5 {[%emt 0:00:00]} 4. d4 {[%emt 0:00:05]} a6 {[%emt 0:00:00]} 5. a4 {[%emt 0:00:05]} e6 {[%emt 0:02:46]} 6. g3 {[%emt 0:00:55]} Nbd7 {[%emt 0:12:30]} 7. Bg2 {[%emt 0:01:12]} Bb4 {[%emt 0:00:06]} 8. O-O {[%emt 0:00:24]} O-O {[%emt 0:00:37]} 9. Qc2 {[%emt 0:00:49]} a5 {[%emt 0:03:20]} 10. Rd1 {[%emt 0:16:47]} b6 {[%emt 0:17:06]} 11. Bf4 {[%emt 0:07:49]} Ba6 {[%emt 0:00:32]} 12. cxd5 {[%emt 0:01:24]} cxd5 {[%emt 0:00:07]} 13. Nb5 {[%emt 0:00:20]} Rc8 {[%emt 0:10:22]} 14. Qb3 {[%emt 0:01:28]} Ne4 {[%emt 0:06:26]} 15. Rac1 {[%emt 0:02:04]} Qe7 {[%emt 0:11:54]} 16. Ne1 {[%emt 0:20:56]} Nd6 {[%emt 0:08:03]} 17. Bxd6 {[%emt 0:21:37]} Bxd6 {[%emt 0:24:41]} 1/2-1/2

[Event "23rd Hogeschool Zeeland Open 2019"]
[Site "Vlissingen"]
[Date "2019.08.08"]
[Round "7.2"]
[White "L'Ami, Erwin"]
[Black "Werle, Jan"]
[Result "1/2-1/2"]
[WhiteElo "2633"]
[BlackElo "2555"]
[Annotator "ChessBase"]
[PlyCount "69"]
[EventDate "2019.08.03"]
[EventType "swiss"]
[EventCountry "NED"]
[SourceTitle "playchess.com"]
[Source "ChessBase"]
[SourceQuality "1"]
[TimeControl "40/5400+30:1800+30"]

1. d4 {[%emt 0:00:00]} Nf6 {[%emt 0:00:00]} 2. c4 {[%emt 0:00:00]} e6 {[%emt 0:00:00]} 3. Nf3 {[%emt 0:00:08]} d5 {[%emt 0:00:20]} 4. Nc3 {[%emt 0:00:11]} Bb4 {[%emt 0:00:18]} 5. cxd5 {[%emt 0:01:44]} exd5 {[%emt 0:00:18]} 6. Bg5 {[%emt 0:00:08]} h6 {[%emt 0:00:41]} 7. Bxf6 {[%emt 0:00:16]} Qxf6 {[%emt 0:00:06]} 8. Qb3 {[%emt 0:00:10]} c5 {[%emt 0:04:40]} 9. e3 {[%emt 0:00:49]} O-O {[%emt 0:03:35]} 10. dxc5 {[%emt 0:00:32]} Bxc3+ {[%emt 0:01:51]} 11. Qxc3 {[%emt 0:00:14]} Qxc3+ {[%emt 0:00:07]} 12. bxc3 {[%emt 0:00:06]} Nd7 {[%emt 0:01:27]} 13. Rd1 {[%emt 0:00:11]} Nxc5 {[%emt 0:00:31]} 14. Rxd5 {[%emt 0:00:10]} b6 {[%emt 0:00:50]} 15. Rd2 {[%emt 0:01:09]} Bb7 {[%emt 0:17:52]} 16. Nd4 {[%emt 0:05:01]} Ne4 {[%emt 0:08:45]} 17. Rc2 {[%emt 0:00:38]} Rac8 {[%emt 0:00:29]} 18. c4 {[%emt 0:05:12]} Nd6 {[%emt 0:00:37]} 19. f3 {[%emt 0:27:27]} Ba6 {[%emt 0:09:23]} 20. Kf2 {[%emt 0:02:21]} Bxc4 {[%emt 0:02:06]} 21. Nf5 {[%emt 0:09:12]} Nxf5 {[%emt 0:00:49]} 22. Bxc4 {[%emt 0:00:11]} Nd6 {[%emt 0:01:59]} 23. Bb3 {[%emt 0:03:11]} Rxc2+ {[%emt 0:00:20]} 24. Bxc2 {[%emt 0:00:06]} Rc8 {[%emt 0:00:17]} 25. Bb3 {[%emt 0:01:26]} Kf8 {[%emt 0:04:44]} 26. e4 {[%emt 0:02:01]} Ke7 {[%emt 0:03:19]} 27. Rd1 {[%emt 0:02:18]} f6 {[%emt 0:09:20]} 28. Rd5 {[%emt 0:03:14]} Nc4 {[%emt 0:02:39]} 29. Kg3 {[%emt 0:02:52]} g6 {[%emt 0:01:29]} 30. h4 {[%emt 0:01:31]} h5 {[%emt 0:01:50]} 31. Kf4 {[%emt 0:02:29]} Ne5 {[%emt 0:04:53]} 32. Ke3 {[%emt 0:03:33]} Rc1 {[%emt 0:01:46]} 33. Rd1 {[%emt 0:03:17]} Rc5 {[%emt 0:01:18]} 34. Rd5 {[%emt 0:07:47]} Rc1 {[%emt 0:00:09]} 35. Rd1 {[%emt 0:01:07]} 1/2-1/2

[Event "23rd Hogeschool Zeeland Open 2019"]
[Site "Vlissingen"]
[Date "2019.08.08"]
[Round "7.3"]
[White "Romanishin, Oleg M"]
[Black "Harika, Dronavalli"]
[Result "1/2-1/2"]
[WhiteElo "2443"]
[BlackElo "2492"]
[Annotator "ChessBase"]
[PlyCount "23"]
[EventDate "2019.08.03"]
[EventType "swiss"]
[EventCountry "NED"]
[SourceTitle "playchess.com"]
[Source "ChessBase"]
[SourceQuality "1"]
[TimeControl "40/5400+30:1800+30"]

1. d4 {[%emt 0:00:00]} Nf6 {[%emt 0:00:00]} 2. Nf3 {[%emt 0:00:00]} g6 {[%emt 0:00:02]} 3. g3 {[%emt 0:00:00]} Bg7 {[%emt 0:00:07]} 4. Bg2 {[%emt 0:00:00]} O-O {[%emt 0:00:07]} 5. c4 {[%emt 0:01:06]} d6 {[%emt 0:00:16]} 6. O-O {[%emt 0:00:08]} Nc6 {[%emt 0:00:12]} 7. Nc3 {[%emt 0:00:08]} e5 {[%emt 0:00:13]} 8. d5 {[%emt 0:06:48]} Nb8 {[%emt 0:00:28]} 9. c5 {[%emt 0:05:33]} Na6 {[%emt 0:06:22]} 10. cxd6 {[%emt 0:00:32]} cxd6 {[%emt 0:00:09]} 11. a4 {[%emt 0:09:35]} Bf5 {[%emt 0:06:04]} 12. Nh4 {[%emt 0:20:12]} 1/2-1/2

[Event "23rd Hogeschool Zeeland Open 2019"]
[Site "Vlissingen"]
[Date "2019.08.08"]
[Round "7.4"]
[White "De Jong, Migchiel"]
[Black "Leenhouts, Koen"]
[Result "1/2-1/2"]
[WhiteElo "2345"]
[BlackElo "2426"]
[Annotator "RC"]
[PlyCount "114"]
[EventDate "2019.08.03"]
[EventType "swiss"]
[EventCountry "NED"]
[SourceTitle "playchess.com"]
[Source "ChessBase"]
[SourceQuality "1"]
[TimeControl "40/5400+30:1800+30"]

1. Nf3 {[%emt 0:00:00]} Nf6 {[%emt 0:00:00]} 2. c4 {[%emt 0:00:00]} c5 {[%emt 0:00:10]} 3. d4 {[%emt 0:00:28]} cxd4 {[%emt 0:00:23]} 4. Nxd4 {[%emt 0:00:08]} g6 {[%emt 0:00:09]} 5. Nc3 {[%emt 0:00:27]} d5 {[%emt 0:00:18]} 6. e3 {[%emt 0:09:48]} dxc4 {[%emt 0:07:24]} 7. Bxc4 {[%emt 0:01:31]} Bg7 {[%emt 0:00:14]} 8. Qa4+ {[%emt 0:03:18]} Nc6 {[%emt 0:04:36]} 9. Nxc6 {[%emt 0:01:53]} bxc6 {[%emt 0:00:05]} 10. Qxc6+ {[%emt 0:02:04]} Bd7 {[%emt 0:00:04]} 11. Qf3 {[%emt 0:01:24]} Rc8 {[%emt 0:06:52]} 12. Qe2 {[%emt 0:01:56]} O-O {[%emt 0:03:33]} 13. O-O {[%emt 0:02:49]} Rc5 {[%emt 0:07:38]} 14. Bb3 {[%emt 0:11:23]} Qb8 {[%emt 0:01:19]} 15. f3 {[%emt 0:03:31]} a5 {[%emt 0:02:47]} 16. Rd1 {[%emt 0:03:41]} Rh5 {[%emt 0:09:54]} 17. g3 {[%emt 0:01:02]} Rc8 {[%emt 0:01:43]} 18. Bd2 {[%emt 0:03:18]} Rcc5 {[%emt 0:05:46]} 19. Be1 {[%emt 0:01:13]} Rce5 {[%emt 0:14:48]} 20. Rd4 {[%emt 0:03:56]} Bc6 {[%emt 0:08:16]} 21. Rad1 {[%emt 0:01:33]} Qb7 {[%emt 0:00:09]} 22. e4 {[%emt 0:00:25]} Rh3 {[%emt 0:05:26]} 23. Qc4 {[%emt 0:01:03]} e6 {[%emt 0:01:05]} 24. Rd8+ {[%emt 0:00:40]} Bf8 {[%emt 0:07:22]} 25. Qd4 {[%emt 0:02:02]} Qc7 {[%emt 0:02:20]} 26. Ne2 {[%emt 0:01:22]} Be8 {[%emt 0:02:19]} 27. Rc1 {[%emt 0:07:12]} Rc5 {[%emt 0:03:11]} 28. Bc3 {[%emt 0:03:50]} e5 {[%emt 0:00:56]} 29. Qd2 {[%emt 0:00:56]} a4 {[%emt 0:01:12]} 30. Bc2 {[%emt 0:05:08]} Bh6 {[%emt 0:00:02]} 31. f4 {[%emt 0:01:02]} Kg7 {[%emt 0:01:39]} 32. Kg2 {[%emt 0:01:49]} Rh5 {[%emt 0:01:16]} 33. Qd6 {[%emt 0:03:31]} Qxd6 {[%emt 0:02:16]} 34. Rxd6 {[%emt 0:00:06]} Ng4 {[%emt 0:01:03]} 35. h4 {[%emt 0:00:52]} a3 {[%emt 0:00:38]} 36. b4 {[%emt 0:00:54]} Rxc3 {[%emt 0:00:08]} 37. Nxc3 {[%emt 0:00:13]} exf4 {[%emt 0:00:01]} 38. Re1 {[%emt 0:02:11]} Ne3+ {[%emt 0:00:39]} 39. Rxe3 {[%emt 0:00:14]} fxe3 {[%emt 0:00:01]} 40. Rd5 {[%emt 0:00:45]} Rxd5 {[%emt 0:00:49]} 41. exd5 {[%emt 0:32:40]} Kf8 {[%emt 0:04:46]} 42. Kf3 {[%emt 0:00:00]} Ke7 {[%emt 0:01:56]} 43. Bb3 {[%emt 0:00:00]} Kd8 {[%emt 0:04:23]} 44. Bc4 {[%emt 0:00:00]} Kc7 {[%emt 0:02:41]} 45. Nb1 {[%emt 0:00:00]} Bf8 {[%emt 0:01:16]} 46. Nxa3 {[%emt 0:00:00]} Bxb4 {[%emt 0:00:05]} 47. Nc2 {[%emt 0:00:00]} Bc5 {[%emt 0:00:03]} 48. Nxe3 {[%emt 0:00:00]} Kd6 {[%emt 0:00:03]} 49. Ng4 {[%emt 0:00:00]} Bd4 {[%emt 0:00:24]} 50. Nf2 {[%emt 0:00:00]} f5 {[%emt 0:01:12]} 51. Nd3 {[%emt 0:00:00]} h6 {[%emt 0:03:55]} 52. g4 {[%emt 0:00:00]} fxg4+ {[%emt 0:00:15]} 53. Kxg4 {[%emt 0:00:00]} Bd7+ {[%emt 0:00:09]} 54. Kg3 {[%emt 0:00:00]} g5 {[%emt 0:01:20]} 55. hxg5 {[%emt 0:00:00]} hxg5 {[%emt 0:00:05]} 56. Bb3 {[%emt 0:00:00]} Bf5 {[%emt 0:00:24]} 57. Nf2 {[%emt 0:00:00]} Bxf2+ {[%emt 0:00:50]} 1/2-1/2

[Event "23rd Hogeschool Zeeland Open 2019"]
[Site "Vlissingen"]
[Date "2019.08.08"]
[Round "7.5"]
[White "Ortiz Suarez, Isan Reynaldo"]
[Black "Stillger, Bernhard"]
[Result "1/2-1/2"]
[WhiteElo "2551"]
[BlackElo "2199"]
[Annotator "ChessBase"]
[PlyCount "106"]
[EventDate "2019.08.03"]
[EventType "swiss"]
[EventCountry "NED"]
[SourceTitle "playchess.com"]
[Source "ChessBase"]
[SourceQuality "1"]
[TimeControl "40/5400+30:1800+30"]

1. Nf3 {[%emt 0:00:00]} Nf6 {[%emt 0:07:41]} 2. c4 {[%emt 0:00:02]} e6 {[%emt 0:00:36]} 3. g3 {[%emt 0:00:14]} d5 {[%emt 0:00:11]} 4. Bg2 {[%emt 0:00:06]} Be7 {[%emt 0:00:51]} 5. O-O {[%emt 0:00:14]} O-O {[%emt 0:04:13]} 6. d4 {[%emt 0:00:25]} dxc4 {[%emt 0:00:40]} 7. Ne5 {[%emt 0:00:14]} Nc6 {[%emt 0:00:51]} 8. Nxc6 {[%emt 0:00:09]} bxc6 {[%emt 0:00:16]} 9. Na3 {[%emt 0:00:07]} Bxa3 {[%emt 0:00:34]} 10. bxa3 {[%emt 0:00:06]} Ba6 {[%emt 0:01:16]} 11. Qd2 {[%emt 0:01:40]} Rb8 {[%emt 0:01:46]} 12. Qa5 {[%emt 0:00:33]} Qc8 {[%emt 0:02:02]} 13. a4 {[%emt 0:06:30]} Rd8 {[%emt 0:07:59]} 14. Rd1 {[%emt 0:08:13]} c3 {[%emt 0:13:25]} 15. Qxc3 {[%emt 0:00:25]} Bxe2 {[%emt 0:00:32]} 16. Re1 {[%emt 0:00:02]} Qa6 {[%emt 0:06:47]} 17. Bg5 {[%emt 0:00:26]} Qc4 {[%emt 0:03:46]} 18. Qa5 {[%emt 0:04:01]} Qxd4 {[%emt 0:07:42]} 19. Be3 {[%emt 0:07:07]} Qc4 {[%emt 0:10:21]} 20. Bg5 {[%emt 0:24:04]} Qd4 {[%emt 0:03:42]} 21. Rac1 {[%emt 0:01:39]} Bd3 {[%emt 0:04:05]} 22. Be3 {[%emt 0:04:28]} Qb4 {[%emt 0:05:59]} 23. Qxb4 {[%emt 0:00:22]} Rxb4 {[%emt 0:00:02]} 24. Bxc6 {[%emt 0:00:08]} Nd5 {[%emt 0:06:24]} 25. Bxa7 {[%emt 0:01:10]} h5 {[%emt 0:01:13]} 26. Red1 {[%emt 0:08:16]} Ba6 {[%emt 0:01:03]} 27. Rd2 {[%emt 0:06:02]} Rc4 {[%emt 0:01:09]} 28. Rxc4 {[%emt 0:02:07]} Bxc4 {[%emt 0:00:01]} 29. Bb7 {[%emt 0:00:34]} Ba6 {[%emt 0:02:07]} 30. Bxa6 {[%emt 0:03:21]} Ra8 {[%emt 0:00:07]} 31. Bb7 {[%emt 0:00:25]} Rxa7 {[%emt 0:00:02]} 32. Bxd5 {[%emt 0:00:10]} exd5 {[%emt 0:00:00]} 33. Rxd5 {[%emt 0:00:13]} Rxa4 {[%emt 0:00:30]} 34. Rxh5 {[%emt 0:00:04]} Rxa2 {[%emt 0:00:09]} 35. Rc5 {[%emt 0:00:03]} Ra7 {[%emt 0:00:18]} 36. h4 {[%emt 0:00:03]} g6 {[%emt 0:00:09]} 37. Kg2 {[%emt 0:00:08]} Kg7 {[%emt 0:01:49]} 38. g4 {[%emt 0:00:15]} Ra4 {[%emt 0:01:44]} 39. Kg3 {[%emt 0:00:14]} Ra3+ {[%emt 0:00:16]} 40. f3 {[%emt 0:00:05]} Ra7 {[%emt 0:00:05]} 41. Rc6 {[%emt 0:30:38]} Rb7 {[%emt 0:30:13]} 42. g5 {[%emt 0:00:57]} Ra7 {[%emt 0:01:56]} 43. Kg4 {[%emt 0:00:53]} Ra4+ {[%emt 0:00:42]} 44. Kg3 {[%emt 0:01:15]} Ra7 {[%emt 0:00:26]} 45. Rc4 {[%emt 0:00:04]} Rb7 {[%emt 0:00:52]} 46. Kg4 {[%emt 0:00:06]} Ra7 {[%emt 0:00:31]} 47. f4 {[%emt 0:01:22]} Ra1 {[%emt 0:00:45]} 48. h5 {[%emt 0:04:01]} Rg1+ {[%emt 0:01:20]} 49. Kf3 {[%emt 0:00:02]} gxh5 {[%emt 0:01:08]} 50. Rxc7 {[%emt 0:00:04]} h4 {[%emt 0:00:46]} 51. Rc6 {[%emt 0:00:03]} h3 {[%emt 0:00:59]} 52. Rh6 {[%emt 0:00:07]} f6 {[%emt 0:03:59]} 53. Ke4 {[%emt 0:22:33]} Kg8 {[%emt 0:00:30]} 1/2-1/2

[Event "23rd Hogeschool Zeeland Open 2019"]
[Site "Vlissingen"]
[Date "2019.08.08"]
[Round "7.6"]
[White "Ikonnikov, Vyacheslav"]
[Black "Cordes, Hans-Joerg"]
[Result "1-0"]
[WhiteElo "2499"]
[BlackElo "2178"]
[Annotator "ChessBase"]
[PlyCount "87"]
[EventDate "2019.08.03"]
[EventType "swiss"]
[EventCountry "NED"]
[SourceTitle "playchess.com"]
[Source "ChessBase"]
[SourceQuality "1"]
[TimeControl "40/5400+30:1800+30"]

1. d4 {[%emt 0:00:00]} e6 {[%emt 0:00:00]} 2. c4 {[%emt 0:00:00]} Nf6 {[%emt 0:00:20]} 3. Nf3 {[%emt 0:00:31]} d5 {[%emt 0:00:13]} 4. Nc3 {[%emt 0:00:17]} Be7 {[%emt 0:00:22]} 5. Bg5 {[%emt 0:00:29]} h6 {[%emt 0:00:23]} 6. Bxf6 {[%emt 0:00:23]} Bxf6 {[%emt 0:00:07]} 7. e3 {[%emt 0:00:13]} c6 {[%emt 0:02:42]} 8. Rc1 {[%emt 0:00:46]} Nd7 {[%emt 0:01:12]} 9. a3 {[%emt 0:02:36]} O-O {[%emt 0:00:43]} 10. h3 {[%emt 0:00:17]} g6 {[%emt 0:02:36]} 11. Bd3 {[%emt 0:07:32]} Bg7 {[%emt 0:02:57]} 12. O-O {[%emt 0:01:23]} dxc4 {[%emt 0:09:02]} 13. Bxc4 {[%emt 0:00:04]} e5 {[%emt 0:00:26]} 14. Ba2 {[%emt 0:00:48]} Qe7 {[%emt 0:29:03]} 15. Qc2 {[%emt 0:03:59]} Kh8 {[%emt 0:00:56]} 16. d5 {[%emt 0:00:20]} Nf6 {[%emt 0:02:09]} 17. e4 {[%emt 0:04:43]} Nh5 {[%emt 0:01:32]} 18. Rfd1 {[%emt 0:01:44]} Qf6 {[%emt 0:04:41]} 19. dxc6 {[%emt 0:04:32]} bxc6 {[%emt 0:00:20]} 20. Ne2 {[%emt 0:00:54]} Rb8 {[%emt 0:09:02]} 21. Rd3 {[%emt 0:01:47]} Ba6 {[%emt 0:01:00]} 22. Rc3 {[%emt 0:00:39]} Rb6 {[%emt 0:09:34]} 23. b4 {[%emt 0:01:37]} Rd8 {[%emt 0:00:09]} 24. Bc4 {[%emt 0:01:03]} Bc8 {[%emt 0:00:08]} 25. Rd1 {[%emt 0:01:50]} Rxd1+ {[%emt 0:04:22]} 26. Qxd1 {[%emt 0:00:03]} Bf8 {[%emt 0:00:12]} 27. Rd3 {[%emt 0:01:30]} Be7 {[%emt 0:00:21]} 28. Qa1 {[%emt 0:05:41]} Bd6 {[%emt 0:00:59]} 29. Rxd6 {[%emt 0:00:27]} Qxd6 {[%emt 0:00:07]} 30. Nxe5 {[%emt 0:00:05]} Qf6 {[%emt 0:12:50]} 31. g4 {[%emt 0:01:01]} Kh7 {[%emt 0:03:18]} 32. gxh5 {[%emt 0:01:17]} Bxh3 {[%emt 0:00:28]} 33. Bxf7 {[%emt 0:05:50]} gxh5 {[%emt 0:00:27]} 34. Bg6+ {[%emt 0:03:38]} Kg7 {[%emt 0:00:09]} 35. Ng3 {[%emt 0:01:43]} Kg8 {[%emt 0:00:41]} 36. Nxh5 {[%emt 0:02:34]} Qg5+ {[%emt 0:00:24]} 37. Ng3 {[%emt 0:00:06]} c5 {[%emt 0:01:00]} 38. bxc5 {[%emt 0:10:21]} Rxg6 {[%emt 0:00:35]} 39. Nxg6 {[%emt 0:00:05]} Qxg6 {[%emt 0:00:07]} 40. Qe5 {[%emt 0:00:11]} a6 {[%emt 0:00:46]} 41. Kh2 {[%emt 0:33:22]} Bg4 {[%emt 0:31:50]} 42. Kg2 {[%emt 0:03:03]} Bd7 {[%emt 0:00:00]} 43. f3 {[%emt 0:00:00]} Kf7 {[%emt 0:00:00]} 44. Kf2 {[%emt 0:00:00]} 1-0

[Event "23rd Hogeschool Zeeland Open 2019"]
[Site "Vlissingen"]
[Date "2019.08.08"]
[Round "7.7"]
[White "Baarslag, Ed"]
[Black "Hausrath, Daniel"]
[Result "0-1"]
[WhiteElo "2220"]
[BlackElo "2468"]
[Annotator "TA"]
[PlyCount "112"]
[EventDate "2019.08.03"]
[EventType "swiss"]
[EventCountry "NED"]
[SourceTitle "playchess.com"]
[Source "ChessBase"]
[SourceQuality "1"]

{[%evp 9,112,-3,-1,6,8,4,41,39,47,-24,0,0,0,-3,0,-20,10,0,8,-19,-6,-54,23,0,27,31,58,29,76,77,80,67,57,52,81,65,97,100,94,18,106,86,112,100,115,61,66,12,78,78,79,17,17,24,26,15,27,20,14,0,0,-112,-122,-102,-110,-102,-101,-112,-118,-117,-5,-7,-7,-141,-137,-166,-162,-165,-172,-244,-232,-248,-239,-268,-241,-226,-181,-308,-221,-410,-405,-387,-375,-546,-536,-527,-500,-497,-476,-568,-566,-912,-908,-790,-521]} 1. d4 Nf6 2. Nf3 b6 3. Bf4 Bb7 4. e3 Nh5 5. Bg5 h6 6. Bh4 {A47: 1 d4 Nf6 2 Nf3 b6: Torre, London and Colle Systems} g5 7. Nfd2 Ng7 (7... Nf4 $5) 8. Bg3 {White is slightly better.} Nf5 9. Nf3 (9. Be5 $1 $14 Rg8 10. d5) 9... Nxg3 10. hxg3 e6 11. Nbd2 Bg7 12. Bd3 Qe7 $146 ({Predecessor:} 12... d6 13. Qe2 Nd7 14. c3 {0-1 (49) Caruana,F (2811)-Nakamura,H (2781) chess.com INT 2018}) 13. g4 d6 14. Qe2 Nd7 15. Ne4 Rf8 (15... e5 $1 $15 16. c4 exd4 17. exd4 O-O-O) 16. Nfd2 a5 17. O-O-O Kd8 18. f3 Kc8 19. Ng3 Rd8 20. Kb1 Kb8 21. c4 c5 22. Be4 Ra7 23. Bxb7 Rxb7 24. Nde4 ({White should try} 24. Nh5 $16 Bh8 25. Ne4) 24... Rc7 (24... Nf6 $11) 25. Nc3 Rcc8 26. Nb5 Nf6 27. e4 (27. d5 $16) 27... cxd4 $14 28. Nxd4 (28. Rxd4 $14 Ne8 29. Rdd1) 28... Ne8 (28... Nd7 $11 {keeps the balance.}) 29. Qd3 $16 Qc7 {[#]} 30. Nh5 ({Better is} 30. Rc1 $1 $16) 30... Be5 $11 31. Rc1 $1 Qc5 32. Nb3 Qb4 33. a3 Qa4 34. Qe3 Kb7 35. g3 (35. Qd3 $11) 35... Rxc4 $17 36. Rxc4 Qxc4 $40 {[%mdl 128] Black attacks with force.} 37. Rc1 Qb5 38. Nd4 Bxd4 39. Qxd4 Rc8 ({Black should play} 39... Qe5 $17 40. Qxe5 dxe5) 40. Rxc8 $11 Kxc8 41. Qh8 (41. Nf6 $11) 41... Kd7 $17 42. Qc3 Ke7 43. Qe3 Qc5 44. Qd3 (44. Qd2 $142) 44... Nc7 45. Ka2 b5 {[%cal Bb6b5,Bb5a4][%mdl 32]} 46. Kb1 Qg1+ 47. Ka2 {intending Qc3!} Qc1 48. b3 (48. Qd4 $142) 48... a4 49. bxa4 $2 {[#]} (49. f4) 49... bxa4 $19 50. f4 Qc5 51. f5 (51. Kb2 {is a better defense.}) 51... Nb5 {Black is clearly winning.} 52. Kb2 Qe5+ 53. Kc2 Nd4+ 54. Kd2 Nb3+ 55. Ke3 Qc5+ 56. Kf3 Nd4+ {Accuracy: White = 39%, Black = 51%.} 0-1